| 000 | 00779nam a2200229 a 4500 | ||
|---|---|---|---|
| 001 | 48171 | ||
| 003 | BD-RjUL | ||
| 005 | 20211209054455.0 | ||
| 008 | 160813s1999 ii ||||| |||| 00| 0 ben d | ||
| 020 |
_a8186263039 _c: Tk. 250.00 |
||
| 035 | _a(BD-RjUL)48290 | ||
| 040 |
_aBD-RjUL _bben _cBD-RjUL |
||
| 041 | _aben | ||
| 082 |
_223 _a792.64 _bBOB 1999 |
||
| 100 | 1 |
_aবন্দ্যোপাধ্যায়, দেবজিত _9144348 |
|
| 245 | 1 | 0 | _aবাংলার মঞ্চগীতি (১৭৯৫-১৮৭২) / |
| 260 |
_aকলিকাতা : _bসুবর্ণরেখা, _c১৯৯৯ |
||
| 300 |
_a২৩৯ পৃ. ; _c২৫ সেমি. |
||
| 650 |
_aমঞ্চগীতি _9148494 |
||
| 650 |
_aMusical play _9148495 |
||
| 942 |
_2ddc _cBK |
||
| 999 |
_c48171 _d48171 |
||